Informe final de la actividad de investigación: amor y desamor:

Gespeichert in:
Bibliographische Detailangaben
1. Verfasser: Piedra Guillen, Nancy
Format: Text
Sprache:Spanish
Veröffentlicht: san José, Costa Rica Instituto de Investigaciones Sociales 2005
Schriftenreihe:Serie Informes Finales de Investigación IIS
Tags: Tag hinzufügen
Keine Tags, Fügen Sie den ersten Tag hinzu!

MARC

LEADER 00000 a a2200000 04500
001 43804
003 cru CRAI/IIS
005 20220119105624.0
008 220119b |||||||| |||| 00| 0 spa d
040 |c cru CRAI/IIS 
090 |a rev1228 725-A4-767 2005 
100 |a Piedra Guillen, Nancy  
245 |a Informe final de la actividad de investigación:   |b amor y desamor:   |b relaciones de poder en las parejas en tiempo de cambio número 725-A4-767 /  |c Nancy Piedra Guillen  
260 |a san José, Costa Rica  |b Instituto de Investigaciones Sociales  |c 2005 
440 |a Serie Informes Finales de Investigación IIS  
773 |g número725-A4-767, ( , 2005), 226 páginas : tablas  
942 |2 ddc  |c PP 
999 |c 36783  |d 36783